[Event "BCF-chT2a 1718 (4NCL)"]
[Site "England"]
[Date "2018.01.13"]
[Round "3.18"]
[White "Akeya Price, Robert A"]
[Black "Summerscale, Claire"]
[Result "1/2-1/2"]
[WhiteElo "1756"]
[BlackElo "1861"]
[PlyCount "55"]
[EventDate "2017.11.11"]
[EventType "team-tourn"]
[EventRounds "7"]
[EventCountry "ENG"]
[SourceTitle "EXT 2020"]
[Source "ChessBase"]
[SourceDate "2019.10.17"]
[SourceVersion "1"]
[SourceVersionDate "2019.10.17"]
[SourceQuality "1"]
[WhiteTeam "Manx Liberty"]
[BlackTeam "Grantham Sharks II"]
[WhiteTeamCountry "ENG"]
[BlackTeamCountry "ENG"]

1. d4 d5 2. c4 e6 3. Nf3 Nf6 4. g3 Be7 5. Bg2 0-0 6. Qc2 h6 7. 0-0 b6 8. b3 Bb7 9. Nc3 Nbd7 10. Rd1 Bb4 11. Ne5 c6 12. Bb2 Qe7 13. a3 Bd6 14. f4 Rfd8 15. e4 dxe4 16. Nxe4 Nxe4 17. Bxe4 Nxe5 18. fxe5 Bc7 19. b4 Rac8 20. Qa4 Bb8 21. Qb3 Rd7 22. c5 bxc5 23. dxc5 Rcd8 24. Qf3 Qg5 25. h4 Rxd1+ 26. Rxd1 Rxd1+ 27. Qxd1 Qxg3+ 28. Bg2 1/2-1/2

[Event "BCF-chT2c 1516 (4NCL)"]
[Site "England"]
[Date "2016.05.02"]
[Round "11.248"]
[White "Summerscale, Claire"]
[Black "Moreby, James"]
[Result "0-1"]
[WhiteElo "1890"]
[BlackElo "2008"]
[PlyCount "100"]
[EventDate "2015.11.14"]
[EventType "team-swiss"]
[EventRounds "11"]
[EventCountry "ENG"]
[SourceTitle "EXT 2017"]
[Source "ChessBase"]
[SourceDate "2016.10.25"]
[SourceVersion "1"]
[SourceVersionDate "2016.10.25"]
[SourceQuality "1"]
[WhiteTeam "Grantham Sharks II"]
[BlackTeam "North East England"]
[WhiteTeamCountry "ENG"]
[BlackTeamCountry "ENG"]

1. d4 Nf6 2. Nf3 e6 3. e3 b6 4. Bd3 Bb7 5. c4 Bb4+ 6. Bd2 c5 7. Bxb4 cxb4 8. Nbd2 0-0 9. 0-0 Qe7 10. Re1 d6 11. Rc1 e5 12. e4 Nbd7 13. d5 Nc5 14. Nb3 Nxd3 15. Qxd3 Nh5 16. g3 Bc8 17. Nh4 g6 18. Nd2 Ng7 19. a3 bxa3 20. Qxa3 g5 21. Ng2 Bh3 22. b4 Rfc8 23. Nb3 h5 24. Rc3 Rc7 25. Rec1 Rac8 26. Ne3 f5 27. exf5 Nxf5 28. Nxf5 Bxf5 29. c5 dxc5 30. bxc5 bxc5 31. Rxc5 Rxc5 32. Rxc5 Rxc5 33. Nxc5 Be4 34. Qe3 Bxd5 35. Nd3 e4 36. f3 Kf8 37. fxe4 Qxe4 38. Qc5+ Ke8 39. Qc8+ Kf7 40. Qd7+ Kg6 41. Qd6+ Qe6 42. Qxe6+ Bxe6 43. Kf2 Kf5 44. h4 Bc4 45. Nc5 g4 46. Ke3 Bb5 47. Kd4 Bc6 48. Nd3 a5 49. Kc4 Ke4 50. Nf4 Be8 0-1

[Event "BCF-chT2c 1415 (4NCL)"]
[Site "England"]
[Date "2015.05.02"]
[Round "9.228"]
[White "Willson, Ollie"]
[Black "Summerscale, Claire"]
[Result "1-0"]
[WhiteElo "1888"]
[BlackElo "1910"]
[PlyCount "52"]
[EventDate "2015.03.29"]
[EventType "team-tourn"]
[EventRounds "11"]
[EventCountry "ENG"]
[SourceTitle "EXT 2016"]
[Source "ChessBase"]
[SourceDate "2015.10.08"]
[SourceVersion "1"]
[SourceVersionDate "2015.10.08"]
[SourceQuality "1"]
[WhiteTeam "Sussex Martlets"]
[BlackTeam "Grantham Sharks II"]
[WhiteTeamCountry "ENG"]
[BlackTeamCountry "ENG"]

1. c4 e5 2. Nc3 Nf6 3. g3 Nc6 4. Bg2 Bc5 5. d3 h6 6. Nf3 d6 7. a3 a6 8. b4 Bd4 9. Bb2 Bxc3+ 10. Bxc3 Ne7 11. 0-0 c6 12. c5 Ng6 13. Rc1 Bg4 14. cxd6 Qxd6 15. Nd2 Be6 16. Nc4 Qc7 17. Qc2 Nd5 18. Ba1 0-0 19. Qb2 f6 20. a4 b5 21. Na5 Nge7 22. Rc5 Bd7 23. Rfc1 Qb6 24. Nxc6 Bxc6 25. Rxc6 Qd8 26. R1c5 Rc8 1-0

[Event "BCF-chT1b 1213 (4NCL)"]
[Site "England"]
[Date "2013.01.13"]
[Round "4.158"]
[White "Sarakauskas, Gediminas"]
[Black "Summerscale, Claire"]
[Result "1-0"]
[WhiteElo "2408"]
[BlackElo "1982"]
[PlyCount "55"]
[EventDate "2012.11.03"]
[EventType "team-tourn"]
[EventRounds "7"]
[EventCountry "ENG"]
[SourceTitle "EXT 2014"]
[Source "ChessBase"]
[SourceDate "2013.11.20"]
[SourceVersion "1"]
[SourceVersionDate "2013.11.20"]
[SourceQuality "1"]
[WhiteTeam "Guildford"]
[BlackTeam "Jutes of Kent"]
[WhiteTeamCountry "ENG"]
[BlackTeamCountry "ENG"]

1. Nf3 d5 2. g3 c5 3. Bg2 Bf5 4. d4 e6 5. c4 Nc6 6. Nc3 Nf6 7. 0-0 Be7 8. cxd5 exd5 9. dxc5 Bxc5 10. Bg5 d4 11. Na4 Be7 12. Rc1 0-0 13. Nc5 Bxc5 14. Rxc5 Be4 15. Qc1 Qe7 16. Rb5 h6 17. Bxh6 gxh6 18. Qxh6 Bg6 19. Nh4 Ng4 20. Nxg6 Nxh6 21. Nxe7+ Nxe7 22. Rxb7 Nef5 23. Rc1 Rab8 24. Rcc7 Nd6 25. Rxb8 Rxb8 26. Rd7 Nc4 27. b3 Ne5 28. Rxa7 1-0

[Event "BCF-chTb 1112 (4NCL)"]
[Site "England"]
[Date "2011.11.13"]
[Round "2.8"]
[White "Summerscale, Claire"]
[Black "Miranda Gonzalez, Nicole"]
[Result "1/2-1/2"]
[WhiteElo "1981"]
[BlackElo "2027"]
[PlyCount "62"]
[EventDate "2011.11.12"]
[EventType "team-tourn"]
[EventRounds "7"]
[EventCountry "ENG"]
[SourceTitle "EXT 2013"]
[Source "ChessBase"]
[SourceDate "2012.11.22"]
[SourceVersion "1"]
[SourceVersionDate "2012.11.22"]
[SourceQuality "1"]
[WhiteTeam "Jutes of Kent"]
[BlackTeam "Oxford"]
[WhiteTeamCountry "ENG"]
[BlackTeamCountry "ENG"]

1. d4 d5 2. Nc3 Bf5 3. Bf4 e6 4. a3 c5 5. e3 Nc6 6. Nf3 Nf6 7. Bb5 Rc8 8. 0-0 Bd6 9. Ne2 c4 10. Bxd6 Qxd6 11. Ne5 0-0 12. Bxc6 bxc6 13. Ng3 Bg6 14. b4 cxb3 15. cxb3 c5 16. Nxg6 hxg6 17. dxc5 Rxc5 18. b4 Rc4 19. Qa4 Qc7 20. Ne2 Rc8 21. h3 a5 22. Qxa5 Qxa5 23. bxa5 Ra4 24. Rfc1 Rxc1+ 25. Nxc1 Rxa5 26. Nb3 Ra4 27. f3 Nd7 28. Nd4 Nb6 29. Kf2 Nc4 30. Nc2 e5 31. Ke2 f5 1/2-1/2

[Event "BCF-chT3 0607 (4NCL)"]
[Site "Sunningdale"]
[Date "2007.03.03"]
[Round "7.7"]
[White "Summerscale, Claire"]
[Black "Ward, Julian T"]
[Result "0-1"]
[WhiteElo "2027"]
[BlackElo "2200"]
[PlyCount "40"]
[EventDate "2006.09.16"]
[EventType "team"]
[EventRounds "11"]
[EventCountry "ENG"]
[SourceTitle "EXT 2008"]
[Source "ChessBase"]
[SourceDate "2007.11.25"]
[SourceVersion "1"]
[SourceVersionDate "2007.11.25"]
[SourceQuality "1"]
[WhiteTeam "Pride and Prejudice "]
[BlackTeam "Kings Head"]
[WhiteTeamCountry "ENG"]
[BlackTeamCountry "ENG"]

1. d4 Nf6 2. Nc3 d5 3. Bg5 e6 4. e4 dxe4 5. Nxe4 Be7 6. Bxf6 gxf6 7. c3 c6 8. Nf3 Nd7 9. Bd3 Qc7 10. Qd2 h5 11. h4 b6 12. 0-0-0 Bb7 13. Kb1 0-0-0 14. Qe2 Kb8 15. Nfd2 Rdg8 16. Rdg1 f5 17. Ng3 Bd6 18. Ngf1 c5 19. dxc5 Nxc5 20. Nf3 Nxd3 0-1

[Event "BCF-chT3 0304 (4NCL)"]
[Site "West Bromwich"]
[Date "2004.03.27"]
[Round "5.8"]
[White "Dokter, Marike"]
[Black "Summerscale, Claire"]
[Result "0-1"]
[WhiteElo "1610"]
[BlackElo "2036"]
[PlyCount "62"]
[EventDate "2003.11.23"]
[EventType "team"]
[EventRounds "11"]
[EventCountry "ENG"]
[SourceTitle "EXT 2005"]
[Source "ChessBase"]
[SourceDate "2004.11.15"]
[SourceVersion "1"]
[SourceVersionDate "2004.11.15"]
[SourceQuality "1"]
[WhiteTeam "Athenaeum"]
[BlackTeam "Hilsmark Kingfisher"]
[WhiteTeamCountry "ENG"]
[BlackTeamCountry "ENG"]

1. e4 d5 2. exd5 Qxd5 3. Nc3 Qa5 4. d4 Nf6 5. Bd2 c6 6. Nf3 Bf5 7. Ne4 Qc7 8. Nxf6+ exf6 9. Bc4 Bd6 10. c3 Qe7+ 11. Qe2 Qxe2+ 12. Bxe2 0-0 13. 0-0 Re8 14. Bc4 Nd7 15. Nh4 Bg4 16. Rfe1 g5 17. f3 Be6 18. Bd3 gxh4 19. Be3 h3 20. Re2 Kh8 21. c4 Rg8 22. Kh1 Rxg2 23. Rxg2 hxg2+ 24. Kxg2 Rg8+ 25. Kh1 h5 26. Rg1 h4 27. f4 Bg4 28. Bf1 f5 29. h3 Bf3+ 30. Bg2 Rg3 31. Kh2 Bxg2 0-1

[Event "BCF-chT2 0102 (4NCL)"]
[Site "Birmingham"]
[Date "2002.01.20"]
[Round "6.8"]
[White "Summerscale, Claire"]
[Black "Johnston, Lowri"]
[Result "1/2-1/2"]
[WhiteElo "2031"]
[BlackElo "1608"]
[PlyCount "86"]
[EventDate "2001.09.22"]
[EventType "team"]
[EventRounds "11"]
[EventCountry "ENG"]
[SourceTitle "EXT 2003"]
[Source "ChessBase"]
[SourceDate "2002.11.25"]
[SourceVersion "1"]
[SourceVersionDate "2002.11.25"]
[SourceQuality "1"]
[WhiteTeam "NW Eagles"]
[BlackTeam "SW Dragons"]
[WhiteTeamCountry "ENG"]
[BlackTeamCountry "ENG"]

1. d4 Nf6 2. Nc3 e6 3. e4 d5 4. e5 Nfd7 5. f4 c5 6. Nf3 Nc6 7. Be3 cxd4 8. Nxd4 Bc5 9. Ncb5 0-0 10. Nxc6 bxc6 11. Bxc5 Nxc5 12. Nd6 Nb7 13. Nxc8 Rxc8 14. b4 Qb6 15. Qd2 c5 16. a3 Rfd8 17. g4 Qc7 18. c3 cxb4 19. cxb4 Qc3 20. Qxc3 Rxc3 21. Ba6 Rd7 22. Kd2 Rf3 23. Rhc1 g6 24. Rc8+ Kg7 25. Rb8 Nd8 26. Bb5 Rb7 27. Rxb7 Nxb7 28. Rc1 Rxa3 29. Rc7 Nd8 30. Rc8 Nb7 31. Bc6 Rb3 32. Bxb7 Rxb4 33. Ba6 Rxf4 34. h3 Re4 35. Bd3 Rxe5 36. Ra8 h5 37. Rxa7 hxg4 38. hxg4 Rg5 39. Be2 Kf6 40. Bf3 Re5 41. Rb7 g5 42. Rb8 Kg6 43. Rb6 Kf6 1/2-1/2

[Event "BCF-chT2 0102 (4NCL)"]
[Site "Birmingham"]
[Date "2001.11.25"]
[Round "4.8"]
[White "Headlong, Fenella"]
[Black "Summerscale, Claire"]
[Result "1/2-1/2"]
[WhiteElo "1656"]
[BlackElo "2031"]
[PlyCount "55"]
[EventDate "2001.09.22"]
[EventType "team"]
[EventRounds "11"]
[EventCountry "ENG"]
[SourceTitle "EXT 2003"]
[Source "ChessBase"]
[SourceDate "2002.11.25"]
[SourceVersion "1"]
[SourceVersionDate "2002.11.25"]
[SourceQuality "1"]
[WhiteTeam "Warwicks Select"]
[BlackTeam "NW Eagles"]
[WhiteTeamCountry "ENG"]
[BlackTeamCountry "ENG"]

1. e4 d5 2. exd5 Qxd5 3. d4 e6 4. Nf3 Nf6 5. c4 Bb4+ 6. Nc3 Bxc3+ 7. bxc3 Qa5 8. Qb3 Ne4 9. Bb2 Nd7 10. Bd3 Ndf6 11. Qb5+ Qxb5 12. cxb5 c5 13. bxc6 bxc6 14. 0-0 0-0 15. Rfe1 Nd6 16. Ne5 Bb7 17. Rab1 Rfd8 18. Ba3 Nfe8 19. Rb3 a5 20. Reb1 Ba6 21. Bxa6 Rxa6 22. Rb8 Ra8 23. Rxd8 Rxd8 24. Nxc6 Ra8 25. f3 f6 26. Kf2 Kf7 27. Ke2 Rc8 28. Nxa5 1/2-1/2

[Event "BCF-chT2 0001 (4NCL)"]
[Site "Birmingham"]
[Date "2001.03.18"]
[Round "8.8"]
[White "Summerscale, Claire"]
[Black "Chevannes, Sabrina"]
[Result "0-1"]
[WhiteElo "1792"]
[BlackElo "1584"]
[PlyCount "104"]
[EventDate "2000.11.26"]
[EventType "team"]
[EventRounds "11"]
[EventCountry "ENG"]
[SourceTitle "CBM 079 Extra"]
[Source "ChessBase"]
[SourceDate "2001.01.11"]
[SourceVersion "2"]
[SourceVersionDate "2001.01.25"]
[SourceQuality "1"]
[WhiteTeam "NW Eagles"]
[BlackTeam "Bristol"]
[WhiteTeamCountry "ENG"]
[BlackTeamCountry "ENG"]

1. d4 Nf6 2. Nc3 d5 3. Bg5 e6 4. e4 dxe4 5. Nxe4 Be7 6. Bxf6 Bxf6 7. Nxf6+ Qxf6 8. c3 0-0 9. Qf3 Nd7 10. Bb5 c6 11. Bd3 Re8 12. Qxf6 Nxf6 13. Nf3 Nd7 14. 0-0-0 a6 15. Rhe1 b5 16. Ng5 h6 17. Ne4 Nb6 18. Re3 Nd5 19. Rf3 Rd8 20. h4 e5 21. Rd2 f5 22. dxe5 fxe4 23. Bxe4 Re8 24. Bxd5+ cxd5 25. Re3 Be6 26. f4 Rf8 27. g3 Kh7 28. Rg2 Rad8 29. Rd3 Rf7 30. Rd4 Rdf8 31. h5 g5 32. hxg6+ Kxg6 33. a4 h5 34. axb5 axb5 35. Rb4 Rb7 36. Kd2 Rc8 37. Ke3 Rc4 38. Rxc4 bxc4 39. Kd4 Rb5 40. Rf2 Kf5 41. Rh2 Bf7 42. Re2 Be6 43. Rh2 Kg4 44. Rh4+ Kxg3 45. Rxh5 Kxf4 46. Rh6 Bg8 47. Rf6+ Kg5 48. Rd6 Rxb2 49. e6 Kf6 50. Kxd5 Rd2+ 51. Kc5 Rxd6 52. Kxd6 Bxe6 0-1